| 000 | 00903nam a22002297a 4500 | ||
|---|---|---|---|
| 999 |
_c15899 _d15899 |
||
| 003 | AR-CdUCM | ||
| 008 | 190430b ||||| |||| 00| 0 spa d | ||
| 020 | _a958-04-0412-7 | ||
| 040 |
_aMUNICIPALIDAD PROVINCIAL DEL CUSCO _cBIBLIOTECA MUNICIPAL DEL CUSCO |
||
| 082 |
_aEP / 800 / _bAV91 |
||
| 100 |
_aAvérous, Pierre _935111 |
||
| 245 |
_aLa tierra y el cielo : _brespuesta a los "¿por qué?" de los niños / |
||
| 260 |
_aColombia : _bNorma, _c1987. |
||
| 300 |
_a56 paginas ; _bIlustraciones _c21 cm. |
||
| 505 | _aContenido :Llueve hace sol -- ¿que hay en las nubes? -- ¿por que son blancas algunas nubes? -- Todo sobre la tierra -- Hay muchos países -- ¿como es la tierra? -- en el cielo... | ||
| 650 |
_aLa tierra _929809 |
||
| 650 |
_aEl sol _935112 |
||
| 650 |
_aLa lluvia _935113 |
||
| 700 |
_aCarlos Alonso (Traducción) _935114 |
||
| 942 |
_2ddc _cLIBROS |
||
| 945 |
_awnts _d2019-04-30 |
||